000 00564nam a22001697a 4500
003 OSt
005 20260218113417.0
008 260218b |||||||| |||| 00| 0 eng d
040 _cMRSPTU
041 _aEnglish
100 _aPankaj Mittal, Supervisor: Dr. Sanjiv Kumar Aggarwal
245 _aA Comparative Study of Strengthening of Flexible Pavement as per IRC:37 and IRC:81
260 _bDepartment of Civil Engg. MRSPTU, Bathinda
_c2017
650 _aCivil Engineering
856 _uhttp://163.47.215.52:8080/jspui/handle/123456789/287
942 _2ddc
_cTH
_n0
999 _c10936
_d10936